000 00782nam a2200265 i 4500
001 C2-0084179
003 PPAK
005 20180727085834.0
008 970429s1993 my a|||| ||||| | may d
020 _a9839665790
040 _aPPAK
_beng
_cPPAK
_erda
082 0 4 _a959.5113
_223
090 0 0 _a959.5113
_bMOH
_dK
100 0 _aMohd. Roselan Ab. Malek,
_eauthor
245 1 0 _aPulau Pinang & Perlis Indera Kayangan
264 1 _aPetaling Jaya, Selangor :
_bPrisma ,
_c1993
300 _a50 pages :
_billustrations ;
_c22 cm
336 _2rdacontent
_atext
337 _2rdamedia
_aunmediated
338 _2rdacarrier
_avolume
490 1 _aSalasilah nama tempat
650 1 0 _aPerlis - History ; Pulau Pinang - History.
830 0 _aSalasilah nama tempat
942 _ddc
_cB
999 _c16309
_d16309